| 000 | 00632nam a2200217Ia 4500 | ||
|---|---|---|---|
| 005 | 20221125104835.0 | ||
| 008 | 131103s9999 xx 000 0 und d | ||
| 020 | _a195632338 | ||
| 040 | _aLoreto College | ||
| 041 | _aEnglish | ||
| 082 |
_a954.03 _bDAS |
||
| 100 | _aDas,Suranjan | ||
| 245 |
_aCummunal riots in Bengal 1905 - 1947 _cSuranjan Das |
||
| 260 |
_aDelhi _bOxford University Press _c1933 |
||
| 300 |
_axv,311 p. _b maps |
||
| 440 | _aOxford University South Asian Studies Series | ||
| 504 | _aIncludes index,glossary and bibliographical references | ||
| 650 | _aModern History | ||
| 850 | _aLCLIB | ||
| 942 | _cBK | ||
| 999 |
_c9673 _d60152 |
||